| 000 | 004920000a22001810004500 | ||
|---|---|---|---|
| 003 | MACL | ||
| 005 | 20150709121554.0 | ||
| 008 | 150709b xxu||||| |||| 00| 0 eng d | ||
| 040 |
_aMACL _cMACL |
||
| 041 | _aEnglish | ||
| 082 | _a320/BAS | ||
| 100 |
_aBasu, Sajal _91154 |
||
| 245 |
_aRegional Movements _bPolitics Of Language Ethnicity Identity |
||
| 260 |
_bIndian Institute Of Advanced Study _c1992 _aNew Delhi |
||
| 350 | _a250 | ||
| 650 |
_aPolitical Science _988 |
||
| 942 |
_cBK _k320 _2ddc |
||
| 999 |
_c3675 _d3675 |
||